[Event "Gurgon op 1st"]
[Site "Gurgon"]
[Date "2009.01.21"]
[Round "1"]
[White "Sarkar, Justin"]
[Black "Sanjay, Chhabra"]
[Result "1-0"]
[WhiteElo "2455"]
[BlackElo "1892"]
[PlyCount "59"]
[EventDate "2009.01.21"]
[EventType "swiss"]
[EventRounds "10"]
[EventCountry "IND"]
[SourceTitle "CBM 128 Extra"]
[Source "ChessBase"]
[SourceDate "2009.03.05"]
[SourceVersion "2"]
[SourceVersionDate "2009.03.25"]
[SourceQuality "1"]

1. d4 d6 2. Nf3 g6 3. c4 Bg7 4. Nc3 c5 5. e4 cxd4 6. Nxd4 Nc6 7. Be3 Nf6 8. Be2 0-0 9. 0-0 Bd7 10. Nc2 Rc8 11. Rb1 a6 12. Qd2 Ng4 13. Bxg4 Bxg4 14. Nd5 Ne5 15. b3 Be6 16. a4 Bxd5 17. exd5 a5 18. f4 Ng4 19. Bd4 Qc7 20. h3 Bxd4+ 21. Nxd4 Nf6 22. Rbe1 Rfe8 23. f5 Kg7 24. Kh2 Qb6 25. fxg6 hxg6 26. Nf5+ gxf5 27. Qg5+ Kh8 28. Qh6+ Nh7 29. Rxf5 Qd4 30. Rxf7 1-0

[Event "New Delhi Parsvnath op 7th"]
[Site "New Delhi"]
[Date "2009.01.11"]
[Round "1"]
[White "Sanjay, Chhabra"]
[Black "Neelotpal, Das"]
[Result "0-1"]
[WhiteElo "1892"]
[BlackElo "2490"]
[PlyCount "86"]
[EventDate "2009.01.11"]
[EventType "swiss"]
[EventRounds "10"]
[EventCountry "IND"]
[SourceTitle "CBM 128 Extra"]
[Source "ChessBase"]
[SourceDate "2009.03.05"]
[SourceVersion "2"]
[SourceVersionDate "2009.03.25"]
[SourceQuality "1"]

1. d4 Nf6 2. Nf3 c5 3. d5 g6 4. Nc3 Bg7 5. e4 d6 6. Bb5+ Nfd7 7. a4 Na6 8. 0-0 0-0 9. Re1 Nc7 10. Bf1 Nf6 11. h3 e5 12. dxe6 Nxe6 13. Be3 b6 14. Qd2 Bb7 15. Bh6 Bxh6 16. Qxh6 Nd4 17. Nxd4 cxd4 18. Nb5 Nxe4 19. Nxd4 Qf6 20. Nf3 Rfe8 21. Bb5 Re6 22. c3 a6 23. Bc4 d5 24. Bd3 Re7 25. Re3 Rae8 26. Rae1 Qg7 27. Qf4 f6 28. Bxe4 dxe4 29. Nd2 f5 30. Nc4 Re6 31. Rd1 Rc8 32. Nd6 Rd8 33. Re2 g5 34. Qh2 f4 35. Red2 e3 36. fxe3 fxe3 37. Rd4 Rf8 38. Nxb7 e2 39. Re1 Rf1+ 40. Rxf1 exf1Q+ 41. Kxf1 Qf6+ 42. Rf4 gxf4 43. Qg1 Qe7 0-1